00865nam a2200229 a 4500001001000000003000900010005001700019007000300036008004100039040002500080082001600105100002700121245004300148260011000191300002000301590002700321590007300348910001400421942001300435952017000448999001700618000030803DO-SdBNP20220728085953.0ta110530s1929 dr 000 0 spa d aDO-SdBNPbspacBNPHU axxxxbR969c aRusso, Guiseppe95735410aCurso de apicultura /cGuiseppe Russo. aSanto Domingo :bSecretaría de Estado de Agricultura y Comercio,bImprenta de J.R. Vda. Garcíac1929. a23 p. ;c23 cm. aInventariado, 2022/ YL aPerteneció a la biblioteca personal de Carlos Larrazábal Blanco. aYLockward 2ddccLF2 00102ddc51708DS-FRVaBNPHUbBNPHUcCTd2011-05-30iLF1oxxxx R969cp30803-10r2020-06-25w2020-06-25yLF2zPerteneció a la colección Carlos Larrazabal Blanco c30295d30295